000 00692nam a2200217Ii 4500
003 JO-AjNU
008 230605s9999||||xx |||||||||||||| ||und||
020 _a2-84409-162-8
040 _aJO-AjNU
_bara
_erda
_cJO-AjNU
041 _aara
050 1 4 _aQA76.9.D3.A63512 2001
100 3 _aاولريش، لوري ان,
_eauthor
_930190
245 0 0 _aحلول ومشاكل اوراق عمل اكسل
250 _aط1
264 3 1 _aبيروت:الدار العربية للعلوم،2001
300 _a326ص
336 _atext
_btxt
_2rdacontent
337 _aunmediated
_bn
_2rdamedia
338 _avolume
_bnc
_2rdacarrier
650 4 _aبرامج الحاسوب- الحواسيب
_930191
999 _aA11939
_c15507
_d15507